<?xml version="1.0" encoding="UTF-8"?><?xml-stylesheet type="text/xsl" href="static/style.xsl"?><OAI-PMH xmlns="http://www.openarchives.org/OAI/2.0/" xmlns:xsi="http://www.w3.org/2001/XMLSchema-instance" xsi:schemaLocation="http://www.openarchives.org/OAI/2.0/ http://www.openarchives.org/OAI/2.0/OAI-PMH.xsd"><responseDate>2026-06-04T01:42:40Z</responseDate><request verb="GetRecord" identifier="oai:riuma.uma.es:10630/37975" metadataPrefix="marc">https://riuma.uma.es/rest/oai/request</request><GetRecord><record><header><identifier>oai:riuma.uma.es:10630/37975</identifier><datestamp>2026-02-03T11:02:58Z</datestamp><setSpec>com_10630_2254</setSpec><setSpec>col_10630_37953</setSpec></header><metadata><record xmlns="http://www.loc.gov/MARC21/slim" xmlns:dcterms="http://purl.org/dc/terms/" xmlns:doc="http://www.lyncode.com/xoai" xmlns:xsi="http://www.w3.org/2001/XMLSchema-instance" xsi:schemaLocation="http://www.loc.gov/MARC21/slim http://www.loc.gov/standards/marcxml/schema/MARC21slim.xsd">
   <leader>00925njm 22002777a 4500</leader>
   <datafield ind2=" " ind1=" " tag="042">
      <subfield code="a">dc</subfield>
   </datafield>
   <datafield ind2=" " ind1=" " tag="720">
      <subfield code="a">Rueda Martinez, Maria Del Carmen</subfield>
      <subfield code="e">author</subfield>
   </datafield>
   <datafield ind2=" " ind1=" " tag="720">
      <subfield code="a">Fernández-Domínguez, María Carmen</subfield>
      <subfield code="e">author</subfield>
   </datafield>
   <datafield ind2=" " ind1=" " tag="720">
      <subfield code="a">Soto-Navarrete, María Teresa</subfield>
      <subfield code="e">author</subfield>
   </datafield>
   <datafield ind2=" " ind1=" " tag="720">
      <subfield code="a">Jiménez-Navarro, Manuel Francisco</subfield>
      <subfield code="e">author</subfield>
   </datafield>
   <datafield ind2=" " ind1=" " tag="720">
      <subfield code="a">Durán-Boyero, Ana Carmen</subfield>
      <subfield code="e">author</subfield>
   </datafield>
   <datafield ind2=" " ind1=" " tag="720">
      <subfield code="a">Fernández-Corujo, Borja</subfield>
      <subfield code="e">author</subfield>
   </datafield>
   <datafield ind2=" " ind1=" " tag="260">
      <subfield code="c">2016-10-06</subfield>
   </datafield>
   <datafield ind2=" " ind1=" " tag="520">
      <subfield code="a">La válvula aórtica bicúspide (VAB) es la malformación cardíaca congénita más frecuente en humanos y aparece frecuentemente asociada con la dilatación de la aorta ascendente. Esta asociación es probablemente el resultado de una etiología común. Actualmente, una cepa de hámster sirio con una incidencia relativamente alta (∼40%) de VAB constituye el único modelo animal espontáneo de enfermedad por VAB. La caracterización de alteraciones moleculares en la aorta de hámsteres con VAB puede servir para identificar mecanismos fisiopatológicos y marcadores moleculares de la enfermedad en humanos. En este informe, evaluamos la expresión de diez genes de referencia candidatos en el tejido aórtico de hámsteres con el fin de identificar genes de mantenimiento para la normalización mediante ensayos de PCR cuantitativa en tiempo real (RT-qPCR). Se utilizaron un total de 51 animales adultos (180-240 días de edad) y 56 animales viejos (300-440 días de edad). Pertenecían a una cepa control de hámsteres con válvula aórtica tricúspide normal (TAV; n = 30), o a la cepa afectada de hámsteres con TAV (n = 45) o BAV (n = 32). La estabilidad de la expresión de los genes de referencia candidatos se determinó mediante RT-qPCR utilizando tres algoritmos estadísticos, GeNorm, NormFinder y Bestkeeper. Los análisis de expresión mostraron que los genes de referencia más estables para los tres algoritmos empleados fueron Cdkn1β, G3pdh y Polr2a. Proponemos el uso de Cdkn1β, o tanto Cdkn1β como G3pdh como genes de referencia para los análisis de expresión de ARNm en la aorta de hámster sirio.</subfield>
   </datafield>
   <datafield ind1="8" ind2=" " tag="024">
      <subfield code="a">Rueda-Martínez C, Fernández MC, Soto-Navarrete MT, Jiménez-Navarro M, Durán AC, Fernández B (2016) Identification of Reference Genes for Quantitative Real Time PCR Assays in Aortic Tissue of Syrian Hamsters with Bicuspid Aortic Valve. PLoS ONE 11(10): e0164070. https://doi.org/10.1371/journal.pone.0164070</subfield>
   </datafield>
   <datafield ind1="8" ind2=" " tag="024">
      <subfield code="a">https://hdl.handle.net/10630/37975</subfield>
   </datafield>
   <datafield ind1="8" ind2=" " tag="024">
      <subfield code="a">10.1371/journal.pone.0164070</subfield>
   </datafield>
   <datafield tag="653" ind2=" " ind1=" ">
      <subfield code="a">Corazón - Anomalías y malformaciones</subfield>
   </datafield>
   <datafield tag="653" ind2=" " ind1=" ">
      <subfield code="a">Válvula aórtica</subfield>
   </datafield>
   <datafield tag="653" ind2=" " ind1=" ">
      <subfield code="a">Genética</subfield>
   </datafield>
   <datafield tag="653" ind2=" " ind1=" ">
      <subfield code="a">Modelos animales en investigación</subfield>
   </datafield>
   <datafield tag="653" ind2=" " ind1=" ">
      <subfield code="a">Hámsteres - Sistema cardiovascular</subfield>
   </datafield>
   <datafield ind2="0" ind1="0" tag="245">
      <subfield code="a">Identification of Reference Genes for Quantitative Real Time PCR Assays in Aortic Tissue of Syrian Hamsters with Bicuspid Aortic Valve.</subfield>
   </datafield>
</record>
</metadata></record></GetRecord></OAI-PMH>